| 000 -LEADER |
| fixed length control field |
00953nam a22001457a 4500 |
| 008 - FIXED-LENGTH DATA ELEMENTS--GENERAL INFORMATION |
| fixed length control field |
231005b ||||| |||| 00| 0 eng d |
| 100 ## - MAIN ENTRY--PERSONAL NAME |
| Personal name |
Kaur, Raneet |
| 245 ## - TITLE STATEMENT |
| Title |
Protecting the interests of consumers and businesses |
| 260 ## - PUBLICATION, DISTRIBUTION, ETC. (IMPRINT) |
| Place of publication, distribution, etc |
Yojana |
| 300 ## - PHYSICAL DESCRIPTION |
| Extent |
67(9), Sep, 2023: p.37-41 |
| 520 ## - SUMMARY, ETC. |
| Summary, etc |
Comp0etition plays a crucial role in shaping how businesses operate and interact with each other. It creates an environment where businesses are constantly pushed to improve, innovate, and meet consumer needs effectively. The competition, act, with CCI as its working arm not only regulates markets but also facilitates fair competition and a level playing field for businesses. While the competition low doesn’t explicitly address consumer rights, it prioritizes consumers’ interests by fostering a markets free from anti-competitive forces and abuse of dominance. – Reproduced |
| 773 ## - HOST ITEM ENTRY |
| Main entry heading |
Yojana |
| 906 ## - LOCAL DATA ELEMENT F, LDF (RLIN) |
| Subject DIP |
CONSUMERS |
| 942 ## - ADDED ENTRY ELEMENTS (KOHA) |
| Item type |
Articles |